000 02178nam a22002897a 4500
001 0
003 DR-UNIBE
005 20260123162846.0
008 260123b2013 dr ||||| |||| 00| 0 spa d
020 _a9789945007442
040 _aBIBLIOTECA UNIBE
_bspa
_cBIBLIOTECA UNIBE
_erda
041 _aspa
082 _aRD 972.93054 G377f
100 1 0 _aGerón, Cándido,
_d1950-
_q(Araújo Gerón, Cándido)
_924252
_eautor
_ecuidado de la edición
_ediseñador de portada
245 1 0 _a¿Fue Sacha Volman un agente de la CIA? /
_cCándido Gerón
250 _aPrimera edición
260 _aSanto Domingo :
_bEditora Centenario,
_c2013
300 _a436 páginas :
_bfotos b/n ;
_c22 x 15 cm
500 _aInformación del autor en las solapas. Fotografías procedentes del autor, Listín Diario, El Siglo, El Caribe, Hoy
505 _aDedicatoria | Inttroducción | Silencio y olvido sobre Sacha Volman | Un clásico original y leyenda latinoamericana | Testimonios del Profesor Juan Bosch y el Dr. Jose Francisco Peña Gómez sobre la conducta y la contribución de Sacha Volman a la Democracia Dominicana | La Solidaridad de Norman Thomas y los aportes económicos de Sacha Volman para la primera etapa de organización del PRD en República Dominicana | Las mentiras del periodista Jean-Guy Alard | Saacha Volman: origenes, trayectoria personal y política | Papel de Sacha Volman en la Revolución del 65 | Las presiones de los Estados Unidos de Norteamérica con relación a que el gobierno del Profesor Juan Bosch (1963) estuvo penetrado por comunistas, motivaron un año después a Sacha Volman a escribir a Arthur Schlesinger. Jr. las siguientes misivas | Norman Thomas, Juan Bosch y José Francisco Peña Gómez se escriben (1960-1965) | La Guerras de Liberación | Testimonios | Índice onomástico
600 7 _2lemb
_aSacha, Volman,
_d1923-2001
_9201848
650 7 _2lemb
_aRumanos en la República Dominicana
_9201851
650 7 _2lemb
_aAgencia Central de Inteligencia, (CIA)
_962394
651 7 _2 lemb
_aRepública Dominicana
_xHistoria
_y1961-1965
_926964
700 1 0 _aCornelio Marte, Rafael A.
_9201849
_ediagramador
942 _2ddc
_cBK
999 _c114330
_d114330